Football Club by Color - Statistics

General Stats
  • This quiz has been taken 72 times
  • The average score is 7 of 10
Answer Stats
Hint Answer % Correct
___ Star Belgrade (Crvena zvezda) Red
96%
___burn Rovers Black
94%
___pool Black
93%
Villarreal ("the ___ Submarine") Yellow
87%
Forest ___ Rovers Green
81%
___ Coast United [Australia] Gold
71%
Cruz Azul (translates as ___ Cross) Blue
60%
Urawa ___ Diamonds Red
56%
___ Star FC (Paris) Red
46%
Vermont ___ Green
29%
No matching quizzes found
Score Distribution
Percent of People with Each Score
Percentile by Number Answered
Your Score History
You have not taken this quiz